[Event "GER-ch U25-C"]
[Site "Willingen"]
[Date "2023.05.28"]
[Round "2"]
[White "Klockhaus, Daniel"]
[Black "Voecking, Laura"]
[Result "1/2-1/2"]
[WhiteElo "1440"]
[BlackElo "1282"]
[PlyCount "96"]
[EventDate "2023.05.27"]
[EventType "swiss"]
[EventRounds "9"]
[EventCountry "GER"]
[SourceTitle "CBM 214 Extra"]
[Source "ChessBase"]
[SourceDate "2023.07.31"]
[SourceVersion "1"]
[SourceVersionDate "2023.07.31"]
[SourceQuality "1"]

1. c4 f5 2. g3 g6 3. Bg2 Bg7 4. Nc3 Nf6 5. e3 0-0 6. Nge2 d6 7. 0-0 e5 8. d3 Nc6 9. f4 Be6 10. b3 Re8 11. Bb2 Bd7 12. e4 exf4 13. Nxf4 Nd4 14. Qd2 fxe4 15. dxe4 Ne6 16. Rae1 Nxf4 17. Rxf4 Bh6 18. Ref1 Bxf4 19. Qxf4 Rf8 20. e5 Nh5 21. Bd5+ Kg7 22. Qd4 Rxf1+ 23. Kxf1 dxe5 24. Qxe5+ Qf6+ 25. Qxf6+ Nxf6 26. Bxb7 Rb8 27. Bg2 Kf7 28. Nd5 Nxd5 29. Bxd5+ Be6 30. Be4 Bxc4+ 31. Kf2 Rd8 32. Be5 Bd5 33. Bxc7 Rd7 34. Bxd5+ Rxd5 35. Bf4 g5 36. Be3 a6 37. Kf3 Kg6 38. h4 gxh4 39. gxh4 Rd1 40. Bc5 Rd2 41. a3 Rd3+ 42. Kg4 Rxb3 43. h5+ Kf7 44. Bb4 Rb1 45. Kg5 a5 46. Bd6 Rb5+ 47. Kg4 Rd5 48. Bf4 Rd4 1/2-1/2

[Event "GER-ch Youth-C"]
[Site "Willingen"]
[Date "2022.06.06"]
[Round "3"]
[White "Lau, Lars"]
[Black "Klockhaus, Daniel"]
[Result "0-1"]
[WhiteElo "929"]
[BlackElo "1451"]
[PlyCount "52"]
[EventDate "2022.06.04"]
[EventType "swiss"]
[EventRounds "9"]
[EventCountry "GER"]
[SourceTitle "CBM 208 Extra"]
[Source "ChessBase"]
[SourceDate "2022.07.31"]
[SourceVersion "1"]
[SourceVersionDate "2022.07.31"]
[SourceQuality "1"]

1. c4 c6 2. Nc3 d5 3. e3 Bf5 4. Nf3 Nf6 5. Be2 Nbd7 6. cxd5 cxd5 7. Bb5 e6 8. Ne5 Bd6 9. Bxd7+ Nxd7 10. Nxd7 Qxd7 11. b3 0-0 12. Bb2 Bd3 13. Qg4 Be5 14. f4 Bf6 15. h4 b5 16. a3 Rad8 17. h5 h6 18. Kd1 Bf5 19. Qg3 Rfe8 20. Ra2 e5 21. Re1 d4 22. exd4 Qxd4 23. Ba1 exf4 24. Ne2 Qxa1+ 25. Rxa1 fxg3 26. Rc1 Bg5 0-1